000 00366nam a22001457a 4500
003 MACL
005 20180227121932.0
008 180227b xxu||||| |||| 00| 0 eng d
040 _cMACL
100 _aChudal, Alaka Atreya
_970788
245 _aFreethinking Cultural Nationalist
260 _aDelhi
_bOxford
_c2016
650 _aBiography
_970789
942 _2ddc
_cBK
999 _c57309
_d57309